• 首页
  • 本馆介绍
  • 公告通知
  • 最新文献
  • 馆藏检索
  • 电子资源
  • 读者导购
  • 参考咨询
  • 我的图书馆
  • 登录
  • 详细信息显示
  • 放入我的书架
  • 预约/预借图书
  • 作者相关作品
  • 分类相关作品
  • 丛书相关作品
  • 出版社相关作品

书目信息

  • 表格格式
  • 工作单格式
  • 卡片格式
题名:
中国古史的传说时代
    
 
作者: 徐旭生 著
分册:  
出版信息: 北京   文物出版社  1985.10
页数: 302页
开本: 20cm
丛书名:
单 册:
中图分类: K210.7
科图分类:
主题词: 中国--古代史--原始社会
电子资源:
ISBN:
000 00548nam0 2200193 45
001 0312221749
005 20050419171937.5
010    @dCNY1.60
100    @a20031222d1985 km y0chiy0120 ea
101    @achi
105    @a z 000yy
200 1  @a中国古史的传说时代@AZhong Guo Gu Shi De Chuan Shuo Shi Dai@f徐旭生著@FXu Xu Sheng Zhu
210    @a北京@c文物出版社@d1985.10
215    @a302页@c照片@d20cm
606 0  @a中国@x古代史@x原始社会
690    @aK210.7@v3
701 0  @a徐旭生@4著
801    @aCN@bTSTCL@c20031222
905    @dK210.7@e8@b166112@f1
    
    中国古史的传说时代/徐旭生著.-北京:文物出版社,1985.10
    302页:照片;20cm
    
    
    ISBN :CNY1.60
    
●
相关链接 在E读中查询图书 在五车中查询图书 在当当中查询图书 在豆瓣中查询图书


正题名:中国古史的传说时代     索取号:K210.7/8         预约/预借

序号 登录号 条形码 馆藏地/架位号 状态 备注
1 0166112   001989236   第二借阅区/ [索取号:K210.7/8] 在馆    
2 0166113   202113346   第二样本阅览室/ [索取号:K210.7/8] 在馆    
唐山师范学院图书馆 欢迎您!
大连网信软件有限公司© 版权所有